Microprocessor/microprograming handbook / (Record no. 180525)
[ view plain ]
| 000 -LEADER | |
|---|---|
| fixed length control field | 01095 a2200217 4500 |
| 003 - CONTROL NUMBER IDENTIFIER | |
| control field | Nust |
| 005 - DATE AND TIME OF LATEST TRANSACTION | |
| control field | 20170207153150.0 |
| 010 ## - LIBRARY OF CONGRESS CONTROL NUMBER | |
| LC control number | 75031466 |
| 020 ## - INTERNATIONAL STANDARD BOOK NUMBER | |
| International Standard Book Number | 0830657851 : |
| -- | 0830647856 |
| 040 ## - CATALOGING SOURCE | |
| Transcribing agency | Nust |
| 082 00 - DEWEY DECIMAL CLASSIFICATION NUMBER | |
| Classification number | 005.26 |
| 100 1# - MAIN ENTRY--PERSONAL NAME | |
| Personal name | Ward, Brice. |
| 245 10 - TITLE STATEMENT | |
| Title | Microprocessor/microprograming handbook / |
| Statement of responsibility, etc. | by Brice Ward. |
| 250 ## - EDITION STATEMENT | |
| Edition statement | 1st ed. |
| 260 ## - PUBLICATION, DISTRIBUTION, ETC. | |
| Place of publication, distribution, etc. | Blue Ridge Summit, Pa. : |
| Name of publisher, distributor, etc. | G/L Tab Books, |
| Date of publication, distribution, etc. | 1975. |
| 300 ## - PHYSICAL DESCRIPTION | |
| Extent | 297 p. : |
| Other physical details | ill. ; |
| Dimensions | 22 cm. |
| 505 ## - FORMATTED CONTENTS NOTE | |
| Formatted contents note | Introduction to Microprocessors (Page-11), Basic Computer Operations (Page-19), Inside The Microprocessor (Page-28), The Modern Microprocessor (Page-28), The Modern Microprocessor System (Page-37), The MCS-4 Microprocessor System (Page-50), The MCS-40 Microprocessor (Page-74), The MCS-80 Microprocessor (Page-95), The MC6800 Microprocessor (Page-106), Memory Systems (Page-120), An Introduction to Microprogramming (Page-140), Microprogramming in Machines Language (Page-159), Microprogramming in Assembly Language (Page-205), |
| 538 ## - SYSTEM DETAILS NOTE | |
| System details note | Almirah No 6 Shelf No 5 |
| 650 #0 - SUBJECT ADDED ENTRY--TOPICAL TERM | |
| Topical term or geographic name entry element | Microprocessors. |
| 650 #0 - SUBJECT ADDED ENTRY--TOPICAL TERM | |
| Topical term or geographic name entry element | Microprogramming. |
| 942 ## - ADDED ENTRY ELEMENTS (KOHA) | |
| Source of classification or shelving scheme | |
| Koha item type | Book |
| Withdrawn status | Lost status | Source of classification or shelving scheme | Damaged status | Not for loan | Collection code | Permanent Location | Current Location | Date acquired | Total Checkouts | Full call number | Barcode | Date last seen | Price effective from | Koha item type |
|---|---|---|---|---|---|---|---|---|---|---|---|---|---|---|
| Military College of Signals (MCS) | Military College of Signals (MCS) | 12/12/2016 | 005.26 WAR | MCS200 | 12/08/2016 | 12/12/2016 | Book |
